The mystical saw and other poems / (Record no. 164198)

MARC details
000 -LEADER
fixed length control field 00472nam a22001697a 4500
005 - DATE AND TIME OF LATEST TRANSACTION
control field 20190513173422.0
010 ## - LCCN (DPL NO)
LC control number B-027337
020 ## - INTERNATIONAL STANDARD BOOK NUMBER
International Standard Book Number 8126001038
Terms of availability 75.00
035 ## - SYSTEM CONTROL NUMBER
System control number B-027337
037 ## - SOURCE OF ACQUISITION
Source of stock number/acquisition Sahitya Akademi
082 ## - DEWEY DECIMAL CLASSIFICATION NUMBER
Classification number 881
100 ## - MAIN ENTRY--PERSONAL NAME
Personal name Dasgupta, Alokeranjan.
245 ## - TITLE STATEMENT
Title The mystical saw and other poems /
Statement of responsibility, etc Alokeranjan Dasgupta.
260 ## - PUBLICATION, DISTRIBUTION, ETC. (IMPRINT)
Place of publication, distribution, etc New Delhi
Name of publisher, distributor, etc Sahitya Akademi
Date of publication, distribution, etc 1996
300 ## - PHYSICAL DESCRIPTION
Extent 112p
Dimensions 21cm (fbk)
942 ## - ADDED ENTRY ELEMENTS (KOHA)
Source of classification or shelving scheme Dewey Decimal Classification
Item type English Books
Classification part 881
Call number suffix DAS
Holdings
Withdrawn status Lost status Not for loan Collection code Home library Current library Date acquired Full call number Barcode Koha item type
      Non-fiction Sarojini Nagar Sarojini Nagar 13/05/2019 881 DAS B-027337 English Books

© Delhi Public Library
Hit Counter
free hit counter